Giáo trình luật áp dụng trong hoạt động kinh tế đối ngoại

Đã lưu trong:
书目详细资料
格式: 图书
语言:Undetermined
出版: Tp. HCM Trường kinh tế đối ngoại 1990
主题:
标签: 添加标签
没有标签, 成为第一个标记此记录!
Thư viện lưu trữ: Trung tâm Học liệu Trường Đại học Cần Thơ
LEADER 00499nam a2200145Ia 4500
001 CTU_5907
008 210402s9999 xx 000 0 und d
082 |a 341.75 
082 |b Tr561 
245 0 |a Giáo trình luật áp dụng trong hoạt động kinh tế đối ngoại 
260 |a Tp. HCM 
260 |b Trường kinh tế đối ngoại 
260 |c 1990 
650 |a commercial law,international economic relations 
980 |a Trung tâm Học liệu Trường Đại học Cần Thơ